000 00960nam a22002777a 4500
001 BR8905337
003 BR-BrBNA
005 20230928093327.0
007 ta
008 230509b bl.||||| |||| 00| 0 por d
040 _aBR-BrBNA
_bpor
_cBiblioteca Nacional de Agricultura
041 _a(Por)
072 _aQ52
_b8952
_b1930
_b1120
090 _ 8952 BR8905337
100 1 _aPorras, F.J.Z.
110 1 _aUniversidade Federal de Vicosa, MG (Brasil)
_0Tese (Magister Scientiae)
245 1 _aConservacao do residuo de manga (Mangifera indica L.)e seu aproveitamento na ensilagem de capim-elefante (Pennisetum purpureum Schum)
260 3 _aVicosa, MG (Brasil):
_c1989.
300 _a49 p.
500 _a9 tables; 24 ref.; Summaries (Eng, Por). (*) Documento disponível na(o) Universidade Federal de Vicosa, MG (Brazil)
650 _aENSILAGEM
650 _aMANGA
650 _aCAPIM ELEFANTE
909 _a202309
_bLucia
_c55
_dLucia Elande
942 _cBK
999 _c44343
_d44343